Tamu istimewa : kisah penahanan seorang bekas Menteri Kabinet di Malaysia

Bibliographic Details
Main Author: Abdul Aziz Ishak (Author)
Format: Book
Published: [s. l.] : Abdul Aziz Ishak , [n. d.]
Subjects:

MARC

LEADER 00000cam a2200000 7i4500
001 0000030516
005 20021119093000.0
008 021119n
090 0 0 |a DS595.6   |b .A99 
100 0 |a Abdul Aziz Ishak ,   |e author 
245 0 0 |a Tamu istimewa :   |b kisah penahanan seorang bekas Menteri Kabinet di Malaysia   |c Abdul Aziz Ishak 
260 2 |a [s. l.] :   |b Abdul Aziz Ishak ,   |c [n. d.] 
300 |a 276 ms. ; ;   |c 22 sm. 
650 0 |a Political prisoners   |z Malaysia 
651 0 |a Malaysia   |x Politics and government   |x Biography 
999 |a 1000056159   |b Book   |c OPEN SHELF (30 DAYS)   |e Gong Badak Campus 
999 |a 1000056160   |b Book   |c OPEN SHELF (30 DAYS)   |e Gong Badak Campus